Centro de investigación interdisciplinar y divulgación de la ciencia para el Instituto Tecnológico de Costa Rica (TEC)
में बचाया:
| मुख्य लेखक: | |
|---|---|
| अन्य लेखक: | |
| स्वरूप: | अज्ञात |
| भाषा: | Spanish |
| प्रकाशित: |
[San José, Costa Rica]
2012
|
| विषय: | |
| ऑनलाइन पहुंच: | https://cedi.ucr.ac.cr/arquitectura/centro-de-investigacion-interdisciplinar-y-divulgacion-de-la-ciencia-para-el-instituto-tecnologico-de-costa-rica-tec/ |
| टैग: |
टैग जोड़ें
कोई टैग नहीं, इस रिकॉर्ड को टैग करने वाले पहले व्यक्ति बनें!
|
MARC
| LEADER | 00000 a2200000 4500 | ||
|---|---|---|---|
| 003 | EA0026 | ||
| 005 | 20230620180656.0 | ||
| 008 | 140114s2012 cr a 000 ||spa d | ||
| 040 | |c cru CEDI | ||
| 090 | |a TFG EA-026 | ||
| 100 | |a Muñoz Ramírez, Giancarlo |9 19962 | ||
| 245 | |a Centro de investigación interdisciplinar y divulgación de la ciencia para el Instituto Tecnológico de Costa Rica (TEC) | ||
| 260 | |a [San José, Costa Rica] |c 2012 | ||
| 500 | |a Proyecto de graduación (licenciatura en arquitectura)--Universidad de Costa Rica. Facultad de Ingeniería. Escuela de Arquitectura | ||
| 501 | |a Director de Proyecto de Graduación: Arq. Dr. Jafet Segura Amador | ||
| 650 | |x INSTITUTO TECNOLOGICO DE COSTA RICA |x DISEÑO ARQUITECTONICO |x INSTITUTOS DE INVESTIGACION - DISEÑO |x CIENCIA Y TECNOLOGIA - COSTA RICA |9 19963 | ||
| 700 | |9 67 |a Segura Amador, Jafet Guillermo, 1960- |d Director del TFG | ||
| 856 | |u https://cedi.ucr.ac.cr/arquitectura/centro-de-investigacion-interdisciplinar-y-divulgacion-de-la-ciencia-para-el-instituto-tecnologico-de-costa-rica-tec/ |y https://cedi.ucr.ac.cr/arquitectura/centro-de-investigacion-interdisciplinar-y-divulgacion-de-la-ciencia-para-el-instituto-tecnologico-de-costa-rica-tec/ | ||
| 942 | |c CEDI |2 ddc | ||
| 999 | |c 12823 |d 12823 | ||
